Macrodynamique et desequilibres

Gespeichert in:
Bibliographische Detailangaben
Weitere Verfasser: Fitoussi, Jean-Paul, Muet, Pierre-Alain
Format: Buch
Sprache:Französisch
Englisch
Veröffentlicht: Paris Economica 1987
Schlagworte:
Tags: Tag hinzufügen
Keine Tags, Fügen Sie das erste Tag hinzu!

MARC

LEADER 00000nam$a2200000$$$4500
001 0113531
005 20221207103817.9
020 |a 2-7178-1195-8 
041 0 |a fre 
041 0 |a eng 
044 |a FR 
245 1 0 |a Macrodynamique et desequilibres  |c publié sous la direction de Jean-Paul Fitoussi, Pierre-Alain Muet 
264 1 |a Paris  |b Economica  |c 1987 
300 |a 284 s. 
610 2 0 |a nerovnováha hospodárska 
610 2 0 |a rast hospodársky 
700 1 |a Fitoussi, Jean-Paul 
700 1 |a Muet, Pierre-Alain